000 00595nam a2200169 a 4500
001 000016435
005 20200929164920.0
008 100305s1945 dr 000 0 spa d
040 _aDO-SdBNP
_bspa
_cBNPHU
110 1 _aRepública Dominicana
_bMarina de Guerra
_936634
245 0 0 _aManual de marinería /.
260 _aCiudad Trujillo, República Dominicana :
_bTalleres del Ejercito,
_c1945.
300 _a277 p. :
_bil. ;
_c18 cm.
500 _aEra de Trujillo
500 _aPreparado por un comisión de oficiales designada por el comondante en jefe del Ejército Nacional
049 _aBNPD
999 _c15970
_d15970